000 00313nam a22001337a 4500
008 171023b xxu||||| |||| 00| 0 eng d
020 _a0135265266
041 _aeng
080 _23RD
_a311
100 _a55
101 _aSTA
245 _aSTATISTICAL METHODS FOR THE SOCIAL SCIENCE
_cAGRESTI,A
942 _2udc
_cBK
999 _c35535
_d35535